| 000 | 00409nam a2200145Ia 4500 | ||
|---|---|---|---|
| 008 | 230312s9999||||xx |||||||||||||| ||und|| | ||
| 082 |
_a658 _bSHA |
||
| 100 | _aA.B.Shahid | ||
| 245 | 0 | _aManagement of Leasing Operations | |
| 260 |
_bThe Institute of Bankers Pakistan _aKarachi _c2005 |
||
| 300 | _a172 | ||
| 546 | _aEng. | ||
| 650 |
_aManagement _vVariety of Finance Leases, Proposal preparation. |
||
| 942 | _cBK | ||
| 999 |
_c1028 _d1028 |
||